1000 formas de aumentar las ventas (Record no. 4168)

MARC details
000 -LEADER
campo de control de longitud fija 00706cac a2200241 a 4500
003 - IDENTIFICADOR DE NÚMERO DE CONTROL
campo de control Co-PeBPM
005 - FECHA Y HORA DE LA ÚLTIMA TRANSACCIÓN
campo de control 20240314162121.0
007 - CAMPO FIJO DE DESCRIPCIÓN FÍSICA--INFORMACIÓN GENERAL
campo de control de longitud fija ta
008 - DATOS DE LONGITUD FIJA--INFORMACIÓN GENERAL
campo de control de longitud fija 231129s1974||||xx a||||||||||||| ||spa||
040 ## - FUENTE DE CATALOGACIÓN
Centro catalogador/agencia de origen Co-PeBPM
Lengua de catalogación spa
Centro/agencia transcriptor Co-PeBPM
Normas de descripción rda
041 ## - CÓDIGO DE IDIOMA
Código de lengua del texto/banda sonora o título independiente spa
082 ## - NÚMERO DE LA CLASIFICACIÓN DECIMAL DEWEY
Número de clasificación 658.85 R845m
100 ## - ENTRADA PRINCIPAL--NOMBRE DE PERSONA
Nombre de persona Roth, Charles B
Término indicativo de función/relación autor
245 10 - MENCIÓN DEL TÍTULO
Título 1000 formas de aumentar las ventas
Mención de responsabilidad, etc. / Charles B. Roth
250 ## - MENCION DE EDICION
Mención de edición Decimaprimera impresión
260 ## - PUBLICACIÓN, DISTRIBUCIÓN, ETC.
Lugar de publicación, distribución, etc. México
Nombre del editor, distribuidor, etc. Compañía Editorial Continental
Fecha de publicación, distribución, etc. 1974
300 ## - DESCRIPCIÓN FÍSICA
Extensión 393 páginas
Otras características físicas ilustraciones en blanco y negro
Dimensiones 24 centímetros
500 ## - NOTA GENERAL
Nota general Incluye índice
546 ## - NOTA DE IDIOMA
Nota de lengua/lenguaje spa
650 1# - PUNTO DE ACCESO ADICIONAL DE MATERIA--TÉRMINO DE MATERIA
Término de materia o nombre geográfico como elemento de entrada Ventas
Fuente del encabezamiento o término Lemb
650 1# - PUNTO DE ACCESO ADICIONAL DE MATERIA--TÉRMINO DE MATERIA
Término de materia o nombre geográfico como elemento de entrada Promoción de ventas
Fuente del encabezamiento o término Lemb
942 ## - ELEMENTOS DE ENTRADA SECUNDARIOS (KOHA)
Fuente del sistema de clasificación o colocación Clasificación Decimal Dewey
Tipo de ítem Koha Libros
Holdings
Estatus retirado Estado de pérdida Fuente del sistema de clasificación o colocación Estado de daño No para préstamo Biblioteca de origen Biblioteca actual Fecha de adquisición Total de préstamos Signatura topográfica completa Código de barras Visto por última vez Copia número Precio de reemplazo Tipo de ítem Koha
    Clasificación Decimal Dewey     BIBLIOTECA PÚBLICA MUNICIPAL RAMON CORREA MEJIA BIBLIOTECA PÚBLICA MUNICIPAL RAMON CORREA MEJIA 15/10/2010   658.85 R845 16429 29/11/2023 1 29/11/2023 Libros

Powered by Koha